000
00254nam a22001217a 4500
082
_a
494
_b
JOS/S
100
_a
JOSHY,PREMA
245
_a
SARAS NIBHANDH AVAM
260
_a
DELHI
_b
SAHNI PUBLICATION
300
_a
144
650
_a
ESSAY
_z
DELHI
942
_c
BK
999
_c
4504
_d
4504